Throttled (Record no. 240674)

MARC details
000 -LEADER
fixed length control field 01610nam a22002057a 4500
005 - DATE AND TIME OF LATEST TRANSACTION
control field 20251106101721.0
008 - FIXED-LENGTH DATA ELEMENTS--GENERAL INFORMATION
fixed length control field 251106b |||||||| |||| 00| 0 eng d
020 ## - INTERNATIONAL STANDARD BOOK NUMBER
International Standard Book Number 9781398539211
040 ## - CATALOGING SOURCE
Transcribing agency AL
041 ## - LANGUAGE CODE
Language code of text/sound track or separate title eng
082 ## - DEWEY DECIMAL CLASSIFICATION NUMBER
Classification number 823.914
Item number ASHT
100 ## - MAIN ENTRY--PERSONAL NAME
Personal name Lauren Asher
100 ## - MAIN ENTRY--PERSONAL NAME
9 (RLIN) 244189
245 ## - TITLE STATEMENT
Title Throttled
260 ## - PUBLICATION, DISTRIBUTION, ETC.
Place of publication, distribution, etc. London
Name of publisher, distributor, etc. Simon and Schuster
Date of publication, distribution, etc. 2024
300 ## - PHYSICAL DESCRIPTION
Extent 547p.
Other physical details PB
Dimensions 20x13cm
365 ## - TRADE PRICE
Source of price type code English
Price type code 4241
Price amount ₹399.20
Currency code
Unit of pricing ₹499.00
Price note 20%
Price effective from 25-10-2025
440 ## - SERIES STATEMENT/ADDED ENTRY--TITLE
Title Dirty air series
9 (RLIN) 244184
520 ## - SUMMARY, ETC.
Summary, etc. Noah<br/>Maya Alatorre is the sister of my teammate…and my new obsession.<br/>Keeping my distance during the Formula 1 season should be easy, except I always find ways to see her.<br/>Press tours. Pre-race rituals. Sponsor events and black-tie galas.<br/>The more time we spend together, the stronger my desire grows.<br/>Sneaking around with her is one thing, but wanting more?<br/>Never going to happen.<br/>She might be a distraction dressed like a daydream, but no woman is worth risking the championship title over.<br/>Or so I thought.<br/>Maya<br/>Noah Slade is Formula 1 royalty and my brother’s biggest rival.<br/>When I’m invited to join my sibling while he competes for the World<br/>Championship, I promise to avoid Noah at all costs.<br/>Twenty-one races. Two drivers who hate each other. And one forbidden attraction I can’t ignore.<br/>Developing feelings for Noah wasn’t part of my plan.<br/>But then again, neither was anyone finding out.<br/>Turns out the man I was warned about happens to be the one I can’t stay away from.<br/>Even if he breaks my heart once the season comes to an end.<br/>
942 ## - ADDED ENTRY ELEMENTS (KOHA)
Source of classification or shelving scheme Dewey Decimal Classification
Koha item type Book
Holdings
Withdrawn status Lost status Source of classification or shelving scheme Damaged status Not for loan Collection code Home library Current library Shelving location Date acquired Source of acquisition Cost, normal purchase price Total Checkouts Total Renewals Full call number Barcode Date last seen Date last checked out Cost, replacement price Price effective from Koha item type
    Dewey Decimal Classification     English St Aloysius Library St Aloysius Library Stack Section 10/30/2025 Biblios Book Point, Surathkal, Mangalore-575014 399.20 1 1 823.914 ASHT 077980 01/13/2026 12/15/2025 499.00 10/25/2025 Book